[Event "Peter Stuart Memorial Open 2025"]
[Site "Takapuna, Auckland, New Zealan"]
[Date "2025.06.20"]
[Round "2.22"]
[White "Truong, Minh Nhat (Sunny)"]
[Black "Fang, Maximilian"]
[Result "1-0"]
[WhiteElo "1613"]
[BlackElo "1699"]
[WhiteFideId "-1"]
[WhiteFideId "-1"]
[PlyCount "193"]
[GameId "2203356693754489"]
[EventDate "2025.??.??"]

1. d4 Nf6 2. c4 g6 3. Nc3 Bg7 4. e4 d6 5. Be2 O-O 6. Bg5 c5 7. d5 e6 8. Nf3 exd5 9. exd5 Qb6 10. Qb3 Qxb3 11. axb3 h6 12. Bf4 Rd8 13. Nb5 Ne8 14. O-O Na6 15. Ra2 Bf5 16. Re1 Nb4 17. Rxa7 Rxa7 18. Nxa7 Nc7 19. Bf1 Kf8 20. h3 g5 21. Bg3 Bf6 22. Nh2 Be7 23. Ng4 h5 24. Ne3 Bg6 25. f4 gxf4 26. Bxf4 Kg8 27. Nf5 Bf8 28. Ne7+ Kg7 29. Nxg6 Kxg6 30. Rd1 Ra8 31. Nb5 Nxb5 32. cxb5 Ra2 33. Rd2 Kf6 34. Kf2 Kf5 35. Kf3 Ra8 36. g4+ hxg4+ 37. hxg4+ Kf6 38. Bc4 Ke7 39. Re2+ Kd7 40. Bg5 Ra1 41. Bf6 Rd1 42. Ke4 Rf1 43. Bc3 Na2 44. Rg2 Rh1 45. Kf5 Nxc3 46. bxc3 Bg7 47. Re2 Rf1+ 48. Ke4 Be5 49. Rg2 Rc1 50. g5 Rxc3 51. g6 fxg6 52. Rxg6 Kc7 53. Rh6 Bd4 54. Rh7+ Kb6 55. Rd7 Be5 56. Rh7 Rc1 57. Kf3 Rd1 58. Ke2 Ra1 59. Kd3 Ra7 60. Kc2 Ra2+ 61. Kd3 Rg2 62. Ke4 Rg4+ 63. Kf3 Rf4+ 64. Ke2 Rf5 65. Kd3 Bf4 66. Ke4 Rf6 67. Kd3 Be5 68. Ke2 Rg6 69. Kd3 Bg7 70. Rh1 Rg4 71. Rf1 Ka5 72. Rf2 Rd4+ 73. Kc2 Bh6 74. Rh2 Bf4 75. Rf2 Kb4 76. Rf1 Bg5 77. Rg1 Rd2+ 78. Kb1 Bf6 79. Kc1 Ra2 80. Rf1 Bd4 81. Rf3 Rg2 82. Kd1 Bc3 83. Rd3 b6 84. Kc1 Bb2+ 85. Kd1 Bc3 86. Kc1 Ra2 87. Rf3 Rb2 88. Rf7 Bd4 89. Rf3 Bc3 90. Rf7 Rxb3 91. Bxb3 Kxb3 92. Rb7 Bb2+ 93. Kb1 Ba3 94. Rxb6 c4 95. Rc6 c3 96. b6 Bc5 97. Rxc5 1-0

[Event "Peter Stuart Memorial Open 2025"]
[Site "Takapuna, Auckland, New Zealan"]
[Date "2025.06.20"]
[Round "2.23"]
[White "Fabay, Jenre Angelo"]
[Black "Nazeer, Afique M"]
[Result "1/2-1/2"]
[WhiteElo "1697"]
[BlackElo "1610"]
[WhiteFideId "-1"]
[WhiteFideId "-1"]
[PlyCount "80"]
[GameId "2203356693754490"]
[EventDate "2025.??.??"]

1. e4 e5 2. Nf3 Nc6 3. Bc4 Nf6 4. d3 Bc5 5. O-O O-O 6. c3 h6 7. d4 exd4 8. cxd4 Be7 9. d5 Na5 10. Bd3 b6 11. Nc3 Nh7 12. Qc2 d6 13. Nb5 Ba6 14. Nbd4 Bxd3 15. Qxd3 Nb7 16. b4 Bf6 17. Nc6 Qd7 18. Rb1 a5 19. a3 axb4 20. axb4 Ra4 21. Be3 Rfa8 22. Bd4 Nd8 23. Bxf6 Nxf6 24. Nfd4 Ra3 25. Qe2 Ra2 26. Qe1 Nxc6 27. dxc6 Qg4 28. Nb5 Nxe4 29. Nxc7 R8a3 30. Nb5 Ng5 31. Qe8+ Kh7 32. Nxa3 Nh3+ 33. Kh1 Nxf2+ 34. Rxf2 Rxf2 35. Rg1 Rxg2 36. Rd1 f5 37. Qe3 Ra2 38. Rg1 Rxa3 39. Qxa3 Qe4+ 40. Rg2 Qe1+ 1/2-1/2

[Event "Peter Stuart Memorial Open 2025"]
[Site "Takapuna, Auckland, New Zealan"]
[Date "2025.06.17"]
[Round "3.1"]
[White "Liu, William Rui"]
[Black "Ang, Alphaeus Wei Ern"]
[Result "1/2-1/2"]
[WhiteElo "2031"]
[BlackElo "2377"]
[WhiteFideId "-1"]
[WhiteFideId "-1"]
[PlyCount "98"]
[GameId "2189708737118208"]
[EventDate "2025.??.??"]

1. e4 d6 2. d4 Nf6 3. Nc3 g6 4. f4 Bg7 5. Nf3 O-O 6. Bd3 Nc6 7. e5 dxe5 8. fxe5 Nh5 9. Be3 Bg4 10. Be2 f6 11. exf6 exf6 12. Qd2 Re8 13. O-O-O Qe7 14. Rhe1 Kh8 15. Bb5 a6 16. Bxc6 bxc6 17. Kb1 Qd6 18. Qf2 Rab8 19. b3 Bxf3 20. Qxf3 f5 21. h3 Re6 22. Bf2 Rbe8 23. Rxe6 Rxe6 24. g4 Qf4 25. Rd3 fxg4 26. hxg4 Rf6 27. Qxf4 Nxf4 28. Re3 Ne6 29. Re2 h5 30. gxh5 gxh5 31. Kb2 c5 32. d5 Nf4 33. Re8+ Kh7 34. Bg3 h4 35. Bxh4 Rd6 36. Re7 Nxd5 37. Rxg7+ Kxg7 38. Nxd5 Rxd5 39. Bg3 c6 40. Kc3 Kf6 41. Kc4 Ke6 42. a4 Rg5 43. Bb8 Kd7 44. Ba7 Kd6 45. Bb8+ Kd7 46. Ba7 Kd6 47. Bb8+ Kd7 48. Ba7 Kd6 49. Bb8+ Kd7 1/2-1/2

[Event "Peter Stuart Memorial Open 2025"]
[Site "Takapuna, Auckland, New Zealan"]
[Date "2025.06.20"]
[Round "3.2"]
[White "Xie, Felix"]
[Black "Tew, Yao Zen Markis"]
[Result "1-0"]
[WhiteElo "2366"]
[BlackElo "1936"]
[WhiteFideId "-1"]
[WhiteFideId "-1"]
[PlyCount "141"]
[GameId "2190971927265280"]
[EventDate "2025.??.??"]

1. Nf3 d5 2. e3 Nf6 3. c4 e6 4. b3 Nbd7 5. Bb2 Bd6 6. Nc3 a6 7. g3 b6 8. Bg2 Bb7 9. O-O O-O 10. cxd5 Nxd5 11. Nxd5 Bxd5 12. d3 Bb7 13. Qc2 Rc8 14. e4 e5 15. d4 f6 16. Bh3 Re8 17. dxe5 fxe5 18. Ng5 Qxg5 19. Bxd7 Rf8 20. h4 Qg6 21. Bxc8 Bxc8 22. Qe2 Bg4 23. Qc4+ Kh8 24. Qd5 Be6 25. Qd3 Bg4 26. f3 Bh3 27. Kh2 Bxf1 28. Rxf1 Qe6 29. Qxa6 Bc5 30. Qe2 Bd6 31. Rd1 h6 32. Kg2 Ra8 33. Bc3 Kh7 34. Rd2 Rf8 35. Qd3 Kh8 36. Qd5 Qe7 37. a4 Kh7 38. Rd1 Re8 39. Qc6 Rf8 40. Qd5 Re8 41. Rd3 Kh8 42. Qc6 Rf8 43. Be1 Kh7 44. Bf2 Rd8 45. Qd5 Rb8 46. Be3 Kh8 47. Bd2 Re8 48. Qc4 Qd7 49. Qd5 Qe7 50. Bc3 Kh7 51. Qb5 Qe6 52. Rd5 Qc8 53. Qc6 Re6 54. Qc4 Qe8 55. Rd1 Re7 56. Ra1 Rd7 57. b4 Qd8 58. a5 Be7 59. a6 Rd2+ 60. Bxd2 Qxd2+ 61. Kh3 Qd7+ 62. g4 h5 63. Qd5 hxg4+ 64. fxg4 Qc8 65. a7 Qf8 66. Qd3 Qa8 67. Kg2 Bxh4 68. Qd5 Qf8 69. Rf1 Qxb4 70. a8=Q Qb2+ 71. Kh1 1-0

[Event "Peter Stuart Memorial Open 2025"]
[Site "Takapuna, Auckland, New Zealan"]
[Date "2025.06.20"]
[Round "3.3"]
[White "Slater-Jones, Henry"]
[Black "Mao, Daqi"]
[Result "0-1"]
[WhiteElo "1927"]
[BlackElo "2151"]
[WhiteFideId "-1"]
[WhiteFideId "-1"]
[PlyCount "94"]
[GameId "2190971927273472"]
[EventDate "2025.??.??"]

1. d4 e6 2. Nf3 d5 3. c4 Nf6 4. Nc3 Bb4 5. Qa4+ Nc6 6. Ne5 Bd7 7. Nxd7 Qxd7 8. e3 O-O 9. a3 Bxc3+ 10. bxc3 a6 11. Rb1 Rfb8 12. cxd5 exd5 13. Qc2 b5 14. Bd3 Na5 15. O-O c5 16. f3 Re8 17. g4 h6 18. h4 Qc7 19. g5 Nh5 20. Qg2 cxd4 21. cxd4 hxg5 22. hxg5 Qc3 23. Qd2 Qxd2 24. Bxd2 Nc4 25. Bxc4 bxc4 26. Kf2 Rab8 27. Bb4 Rbc8 28. Rh1 g6 29. Bd6 Rc6 30. Be5 Rf8 31. Rhg1 Rfc8 32. e4 dxe4 33. fxe4 c3 34. Rgc1 c2 35. Rb8 Rxb8 36. Bxb8 f6 37. gxf6 Nxf6 38. Ke3 Rc3+ 39. Kf4 Kf7 40. Be5 g5+ 41. Kf5 Rf3+ 42. Kxg5 Nxe4+ 43. Kg4 Rc3 44. d5 Nf2+ 45. Kf5 Rc5 46. Bf4 Rxd5+ 47. Be5 Rxe5+ 0-1

[Event "Peter Stuart Memorial Open 2025"]
[Site "Takapuna, Auckland, New Zealan"]
[Date "2025.06.20"]
[Round "3.4"]
[White "Tao, Junqing Jerome"]
[Black "Young, Cohen"]
[Result "1-0"]
[WhiteElo "1784"]
[BlackElo "2060"]
[WhiteFideId "-1"]
[WhiteFideId "-1"]
[PlyCount "132"]
[GameId "2190971927273472"]
[EventDate "2025.??.??"]

1. e4 c5 2. c3 Nf6 3. Qc2 Qc7 4. Nf3 g6 5. Bc4 Bg7 6. d3 O-O 7. O-O e6 8. Bg5 Nc6 9. Qd2 Na5 10. Bb3 c4 11. Bxf6 Bxf6 12. dxc4 d6 13. Na3 a6 14. Rad1 Rd8 15. Qf4 Kg7 16. g4 e5 17. Qg3 Be6 18. g5 Be7 19. Qh4 Rh8 20. Qh6+ Kg8 21. Nc2 Nxb3 22. axb3 Bg4 23. Rd3 Qd8 24. Qh4 Bxf3 25. Rxf3 h6 26. Rh3 Bxg5 27. Qg4 h5 28. Qg2 h4 29. Ne3 Rh5 30. Kh1 Kh7 31. Nd5 Bf4 32. Nxf4 exf4 33. Qg4 Qf6 34. Rf3 Rh6 35. Rxf4 Qe7 36. Rg1 Re8 37. f3 Kg7 38. Qg5 f6 39. Qd5 Qe5 40. Rfg4 Qxd5 41. cxd5 Kf7 42. Ra1 Re5 43. Rg2 f5 44. Re2 Rh8 45. Rae1 Rhe8 46. Kg2 Kf6 47. Kf2 fxe4 48. Rxe4 Rxe4 49. Rxe4 Rxe4 50. fxe4 Ke5 51. Kf3 h3 52. b4 b6 53. b3 a5 54. bxa5 bxa5 55. Ke3 Kf6 56. Kf4 g5+ 57. Kg4 Ke5 58. Kxh3 Kxe4 59. Kg4 Kxd5 60. Kxg5 a4 61. bxa4 Kc4 62. a5 Kb5 63. h4 Kxa5 64. h5 Kb5 65. h6 Kc4 66. h7 Kd5 1-0

[Event "Peter Stuart Memorial Open 2025"]
[Site "Takapuna, Auckland, New Zealan"]
[Date "2025.06.20"]
[Round "3.6"]
[White "Jin, Yanbo"]
[Black "Wilson, Dion A"]
[Result "1-0"]
[WhiteElo "1973"]
[BlackElo "1904"]
[WhiteFideId "-1"]
[WhiteFideId "-1"]
[PlyCount "77"]
[GameId "2190971927277568"]
[EventDate "2025.??.??"]

1. d4 Nf6 2. Nf3 g6 3. c4 Bg7 4. g3 O-O 5. Bg2 d6 6. O-O Nbd7 7. Nc3 c6 8. b3 Qc7 9. Qc2 e5 10. Rd1 Re8 11. dxe5 Nxe5 12. Ba3 Nxf3+ 13. Bxf3 d5 14. cxd5 cxd5 15. Rac1 Bf5 16. Qd2 Qa5 17. Bb2 Rad8 18. e3 Bg4 19. Ne4 Qxd2 20. Nxd2 Bf5 21. Rc7 Rd7 22. Rxd7 Nxd7 23. Bxg7 Kxg7 24. Bxd5 Nc5 25. e4 Be6 26. Nc4 Bxd5 27. exd5 Kf6 28. f4 Nd7 29. Kf2 Rc8 30. Ke3 b5 31. Nd6 Rb8 32. Rc1 Nb6 33. Kd4 a6 34. Rc7 Rf8 35. Kc5 Na8 36. Rc8 Ke7 37. Rxf8 Kxf8 38. Kc6 Ke7 39. Nb7 1-0

[Event "Peter Stuart Memorial Open 2025"]
[Site "Takapuna, Auckland, New Zealan"]
[Date "2025.06.20"]
[Round "3.7"]
[White "Ha, Timothy Huy Minh"]
[Black "Piwari, Dylan Tama"]
[Result "1-0"]
[WhiteElo "1746"]
[BlackElo "1966"]
[WhiteFideId "-1"]
[WhiteFideId "-1"]
[PlyCount "99"]
[GameId "2190971927281664"]
[EventDate "2025.??.??"]

1. d4 d6 2. Nf3 Nf6 3. g3 g6 4. Bg2 Bg7 5. O-O O-O 6. b3 a5 7. Bb2 Na6 8. c4 Rb8 9. Nc3 c6 10. Nd2 Bd7 11. Nce4 Qc8 12. Nxf6+ Bxf6 13. Rc1 Bh3 14. Nf3 Bxg2 15. Kxg2 Qd8 16. e4 Bg7 17. Qe2 e6 18. Rfd1 Qc7 19. h4 h5 20. Ba3 Nb4 21. Bxb4 axb4 22. Rc2 b6 23. Qd3 Rbd8 24. a4 bxa3 25. b4 Ra8 26. Ra2 Ra4 27. Rxa3 Rxb4 28. Rda1 b5 29. Ra7 bxc4 30. Qc3 Rb7 31. Rxb7 Qxb7 32. Qxc4 c5 33. Re1 cxd4 34. Nxd4 Rc8 35. Qd3 Qb4 36. Rd1 d5 37. exd5 exd5 38. Nf3 d4 39. Rb1 Qc5 40. Rb5 Qd6 41. Rb3 Qf6 42. Ng5 Rc3 43. Rb8+ Bf8 44. Qe4 d3 45. Rxf8+ Kxf8 46. Nh7+ Kg7 47. Nxf6 d2 48. Qd4 Rc4 49. Ne8+ Kf8 50. Qxd2 1-0

[Event "Peter Stuart Memorial Open 2025"]
[Site "Takapuna, Auckland, New Zealan"]
[Date "2025.06.20"]
[Round "3.8"]
[White "McLaren, Leonard J"]
[Black "Sun, Oliver"]
[Result "1-0"]
[WhiteElo "2042"]
[BlackElo "1712"]
[WhiteFideId "-1"]
[WhiteFideId "-1"]
[PlyCount "129"]
[GameId "2190971927281664"]
[EventDate "2025.??.??"]

1. e4 c6 2. d4 d5 3. e5 c5 4. c3 Nc6 5. Be2 Bf5 6. Nf3 e6 7. O-O cxd4 8. cxd4 Qb6 9. Nc3 a6 10. Na4 Qc7 11. Be3 b5 12. Nc3 Bb4 13. Rc1 Nge7 14. a4 bxa4 15. Qxa4 O-O 16. Nxd5 Nxd5 17. Qxc6 Qxc6 18. Rxc6 Nxe3 19. fxe3 a5 20. Rc7 h6 21. Rfc1 Rab8 22. Kf2 Be4 23. Ba6 Rb6 24. Bc4 Ra8 25. Kg3 g5 26. h4 gxh4+ 27. Kf4 Bxf3 28. gxf3 a4 29. Rg1+ Kf8 30. Bd3 Be7 31. Bh7 Bg5+ 32. Ke4 Kg7 33. f4 h3 34. Rc2 a3 35. bxa3 Rxa3 36. fxg5 Kxh7 37. Rh2 h5 38. Rxh3 Kg6 39. Rf3 Rbb3 40. Rf6+ Kg7 41. Rg3 Rc3 42. Rh6 Rc1 43. Rxh5 Kg6 44. Rh6+ Kg7 45. Rf6 Rc6 46. g6 fxg6 47. Rgxg6+ Kh7 48. Rg3 Ra1 49. Rf7+ Kh6 50. Rg8 Rb6 51. Rf6+ Kh7 52. Rgg6 Raa6 53. Rh6+ Kg7 54. Rfg6+ Kf7 55. Rg2 Rb3 56. Rf6+ Ke7 57. Rg7+ Ke8 58. Rh6 Kf8 59. Rd7 Kg8 60. Rg6+ Kf8 61. Rh6 Kg8 62. Rd6 Raa3 63. Rh3 Kf7 64. Rc6 Ke7 65. Rc7+ 1-0

[Event "Peter Stuart Memorial Open 2025"]
[Site "Takapuna, Auckland, New Zealan"]
[Date "2025.06.20"]
[Round "3.9"]
[White "Hettiarachchi, Buthsara"]
[Black "Pei, Yanshuo"]
[Result "1/2-1/2"]
[WhiteElo "1850"]
[BlackElo "1727"]
[WhiteFideId "-1"]
[WhiteFideId "-1"]
[PlyCount "60"]
[GameId "2190971927285760"]
[EventDate "2025.??.??"]

1. e4 c5 2. Nc3 Nc6 3. f4 g6 4. Nf3 Bg7 5. Bb5 Nd4 6. O-O a6 7. Be2 b5 8. d3 Bb7 9. Nb1 e6 10. c3 Nxe2+ 11. Qxe2 Ne7 12. Be3 Qc7 13. Nbd2 d5 14. e5 Nf5 15. Bf2 c4 16. dxc4 dxc4 17. Ne4 Bxe4 18. Qxe4 Rd8 19. a4 Qd7 20. Nd4 Nxd4 21. Bxd4 O-O 22. g4 f5 23. exf6 Bxf6 24. Bc5 Rfe8 25. axb5 Qxb5 26. Bb4 Rd2 27. Ba3 Qd5 28. Rae1 Kf7 29. g5 Bd8 30. Kh1 Bb6 1/2-1/2

[Event "Peter Stuart Memorial Open 2025"]
[Site "Takapuna, Auckland, New Zealan"]
[Date "2025.06.20"]
[Round "3.10"]
[White "Isaac, Ceferino"]
[Black "Braganza, Nadia"]
[Result "1/2-1/2"]
[WhiteElo "1769"]
[BlackElo "1818"]
[WhiteFideId "-1"]
[WhiteFideId "-1"]
[PlyCount "45"]
[GameId "2190971927285760"]
[EventDate "2025.??.??"]

1. Nf3 d5 2. e3 Nf6 3. c4 e6 4. b3 Be7 5. Bb2 O-O 6. d4 b6 7. cxd5 Nxd5 8. Bd3 Bb7 9. O-O Nb4 10. Be2 Nd7 11. Nbd2 c5 12. a3 Nc6 13. dxc5 Nxc5 14. b4 Nd7 15. Qb3 a5 16. Bc3 Bf6 17. Bxf6 Nxf6 18. Rfd1 axb4 19. axb4 Qe7 20. Nc4 Rxa1 21. Rxa1 Qxb4 22. Qxb4 Nxb4 23. Nxb6 1/2-1/2

[Event "Peter Stuart Memorial Open 2025"]
[Site "Takapuna, Auckland, New Zealan"]
[Date "2025.06.20"]
[Round "3.11"]
[White "Sun, Wanyao Sarah"]
[Black "Jiang, Patrick Di"]
[Result "0-1"]
[WhiteElo "1818"]
[BlackElo "1673"]
[WhiteFideId "-1"]
[WhiteFideId "-1"]
[PlyCount "92"]
[GameId "2190971927285760"]
[EventDate "2025.??.??"]

1. e4 c5 2. Nf3 g6 3. d4 cxd4 4. Qxd4 Nf6 5. e5 Nc6 6. Qa4 Nd5 7. Qe4 Nc7 8. Nc3 Bg7 9. Bf4 Ne6 10. Bg3 Qb6 11. O-O-O Qb4 12. Bc4 b6 13. a3 Qa5 14. Nb5 O-O 15. Nfd4 Nexd4 16. Nxd4 Nxd4 17. Rxd4 d5 18. Bxd5 Bf5 19. Qe2 Rac8 20. Bb3 Qc5 21. Rhd1 Qc6 22. f4 b5 23. Bh4 Rc7 24. g4 Be6 25. Bd5 Bxd5 26. Rxd5 a6 27. f5 gxf5 28. Kb1 fxg4 29. Rd8 Qg6 30. Rxf8+ Bxf8 31. Rg1 h5 32. a4 Kh7 33. h3 Rc4 34. b3 Rb4 35. Kb2 bxa4 36. hxg4 Rxg4 37. Rxg4 Qxg4 38. Qxg4 hxg4 39. bxa4 Kg6 40. c4 Kf5 41. Bg3 Bg7 42. Kc2 Bxe5 43. Bxe5 Kxe5 44. Kd3 g3 45. Ke3 f5 46. Kf3 f4 0-1

[Event "Peter Stuart Memorial Open 2025"]
[Site "Takapuna, Auckland, New Zealan"]
[Date "2025.06.20"]
[Round "3.12"]
[White "Zhou, Martin"]
[Black "Wright, Caleb"]
[Result "0-1"]
[WhiteElo "1654"]
[BlackElo "1805"]
[WhiteFideId "-1"]
[WhiteFideId "-1"]
[PlyCount "104"]
[GameId "2190971927289856"]
[EventDate "2025.??.??"]

1. e4 c5 2. Nc3 b6 3. f4 Bb7 4. Nf3 e6 5. d3 g6 6. g3 Bg7 7. Bg2 Ne7 8. O-O O-O 9. Ne2 Nbc6 10. Be3 Bxb2 11. Rb1 Bg7 12. g4 Qc7 13. Qe1 f5 14. gxf5 gxf5 15. e5 h6 16. c3 d6 17. d4 cxd4 18. Nfxd4 Qd7 19. Nxc6 Nxc6 20. Rd1 d5 21. c4 Ne7 22. Nc3 Rfd8 23. cxd5 Nxd5 24. Bxd5 Bxd5 25. Nxd5 exd5 26. Bd4 Qe6 27. Kh1 Rac8 28. Rg1 Kh7 29. Qg3 Rg8 30. Qa3 Rc7 31. Qd6 Rc6 32. Qxe6 Rxe6 33. Bb2 Rd8 34. Rc1 Bf8 35. Rc7+ Re7 36. Rc6 Rb7 37. e6 d4 38. Re1 d3 39. Kg2 Bc5 40. Bf6 Be7 41. Bc3 Rd5 42. Rc8 Rc5 43. Rh8+ Kg6 44. Rg8+ Kh5 45. Bd4 Rc2+ 46. Kf3 Rxh2 47. Kg3 Bh4+ 48. Kxh2 Bxe1 49. Bf6 Bb4 50. Rd8 Be7 51. Rd7 Rxd7 52. exd7 Bxf6 0-1

[Event "Peter Stuart Memorial Open 2025"]
[Site "Takapuna, Auckland, New Zealan"]
[Date "2025.06.20"]
[Round "3.13"]
[White "Truong, Minh Nhat (sunny)"]
[Black "Kerr, Grant"]
[Result "1/2-1/2"]
[WhiteElo "1613"]
[BlackElo "1782"]
[WhiteFideId "-1"]
[WhiteFideId "-1"]
[PlyCount "120"]
[GameId "2190971927289856"]
[EventDate "2025.??.??"]

1. d4 Nf6 2. c4 g6 3. Nc3 Bg7 4. e4 d6 5. Be2 O-O 6. Bg5 c5 7. d5 e6 8. Nf3 e5 9. Qd2 a6 10. h3 Nbd7 11. Bh6 Re8 12. O-O-O Nh5 13. Bxg7 Kxg7 14. g3 h6 15. Nh4 Ndf6 16. Ng2 g5 17. Rdf1 Bd7 18. g4 Nf4 19. Nxf4 exf4 20. f3 Qe7 21. h4 Rh8 22. Rh3 Rh7 23. Rfh1 Rah8 24. e5 Qxe5 25. Bd3 Re8 26. Bxh7 Nxh7 27. Ne4 Bxg4 28. fxg4 Qxe4 29. Qc3+ Qe5 30. hxg5 Qxc3+ 31. bxc3 Nxg5 32. Rxh6 Ne4 33. R6h2 f3 34. Rf1 f2 35. Kc2 Kg6 36. Kd3 Kg5 37. Rg2 Kf4 38. Rgxf2+ Nxf2+ 39. Rxf2+ Kxg4 40. Rxf7 b5 41. Rd7 bxc4+ 42. Kxc4 Re4+ 43. Kb3 a5 44. Rxd6 a4+ 45. Kc2 Kf5 46. Rc6 Ke5 47. Rxc5 Kd6 48. Ra5 Re2+ 49. Kb1 a3 50. c4 Rb2+ 51. Ka1 Rc2 52. Rxa3 Rxc4 53. Rd3 Rc5 54. Kb2 Rxd5 55. Rc3 Rc5 56. Rb3 Kc6 57. a4 Ra5 58. Ka3 Kc5 59. Rb8 Kc6 60. Kb4 Rh5 1/2-1/2

[Event "Peter Stuart Memorial Open 2025"]
[Site "Takapuna, Auckland, New Zealan"]
[Date "2025.06.20"]
[Round "3.14"]
[White "Sussex, Taylor"]
[Black "Xu, Luna Yuexiu"]
[Result "0-1"]
[WhiteElo "1606"]
[BlackElo "1778"]
[WhiteFideId "-1"]
[WhiteFideId "-1"]
[PlyCount "100"]
[GameId "2190971927293952"]
[EventDate "2025.??.??"]

1. e4 c5 2. Nf3 a6 3. c3 d5 4. exd5 Qxd5 5. d4 Nc6 6. Be2 Bg4 7. O-O e6 8. h3 Bh5 9. c4 Qd7 10. d5 exd5 11. cxd5 Bxf3 12. Bxf3 Nd4 13. Re1+ Be7 14. Bf4 O-O-O 15. Nc3 Nxf3+ 16. Qxf3 Nf6 17. Na4 Qxa4 18. Rxe7 Rd7 19. d6 Rxe7 20. dxe7 Qe4 21. Qxe4 Nxe4 22. Re1 Nf6 23. Be5 Kd7 24. Bxf6 gxf6 25. Re3 Re8 26. Rb3 b5 27. Ra3 Ra8 28. Re3 Ke8 29. Kf1 Ra7 30. Re4 Rxe7 31. Rh4 c4 32. Rxh7 a5 33. Rh5 Rb7 34. Ke2 Ke7 35. h4 a4 36. a3 b4 37. Kd2 bxa3 38. bxa3 Rb2+ 39. Kc3 Rxf2 40. Kxc4 Rxg2 41. Rd5 Ke6 42. Rd4 f5 43. Kc5 Rg4 44. h5 Rxd4 45. Kxd4 Kf6 46. h6 Kg6 47. Ke5 Kxh6 48. Kxf5 Kg7 49. Kg5 f6+ 50. Kf5 Kf7 0-1

[Event "Peter Stuart Memorial Open 2025"]
[Site "Takapuna, Auckland, New Zealan"]
[Date "2025.06.20"]
[Round "3.15"]
[White "Xu, Jeremy Xi"]
[Black "Wang, Leon"]
[Result "1-0"]
[WhiteElo "1776"]
[BlackElo "1594"]
[WhiteFideId "-1"]
[WhiteFideId "-1"]
[PlyCount "39"]
[GameId "2190971927298048"]
[EventDate "2025.??.??"]

1. d4 Nf6 2. Nf3 e6 3. c4 Bb4+ 4. Bd2 Bxd2+ 5. Nbxd2 d5 6. e3 O-O 7. Bd3 Nbd7 8. O-O c5 9. Rc1 b6 10. cxd5 exd5 11. Qa4 c4 12. Bb1 a6 13. e4 b5 14. Qc2 dxe4 15. Nxe4 Nxe4 16. Qxe4 Nf6 17. Qxa8 Qc7 18. Ne5 Bb7 19. Qa7 Nd7 20. Be4 1-0

[Event "Peter Stuart Memorial Open 2025"]
[Site "Takapuna, Auckland, New Zealan"]
[Date "2025.06.20"]
[Round "3.16"]
[White "Wang, Justin Zhide"]
[Black "Nimmakayala, Srirama Vikhyath"]
[Result "1-0"]
[WhiteElo "2085"]
[BlackElo "1675"]
[WhiteFideId "-1"]
[WhiteFideId "-1"]
[PlyCount "81"]
[GameId "2190971927298048"]
[EventDate "2025.??.??"]

1. e4 c6 2. d4 d5 3. Nc3 dxe4 4. Nxe4 Bf5 5. Ng3 Bg6 6. h4 h6 7. Nf3 Nf6 8. Bc4 e6 9. Ne5 Bh7 10. c3 Nbd7 11. Qe2 Nxe5 12. dxe5 Nd5 13. Nh5 Qd7 14. Bxd5 Qxd5 15. Nf4 Qd7 16. Be3 Qc7 17. Bd4 a6 18. b4 a5 19. Qe3 Ra6 20. O-O Be7 21. Nh5 O-O 22. Nf6+ Kh8 23. Nxh7 Kxh7 24. a3 Kg8 25. Qg3 Kh8 26. Rad1 c5 27. Be3 axb4 28. axb4 Ra4 29. Rc1 Qc6 30. Rfd1 cxb4 31. cxb4 Qb5 32. Rc7 Qxb4 33. h5 Qb3 34. Rdc1 Re8 35. Qf3 Kg8 36. Rc8 Rxc8 37. Rxc8+ Kh7 38. g3 Ra1+ 39. Kg2 Qb1 40. Rc1 Qb2 41. Qe4+ 1-0

[Event "Peter Stuart Memorial Open 2025"]
[Site "Takapuna, Auckland, New Zealan"]
[Date "2025.06.20"]
[Round "3.17"]
[White "Johns, Daniel P"]
[Black "Hall, John Robert"]
[Result "1-0"]
[WhiteElo "1673"]
[BlackElo "1775"]
[WhiteFideId "-1"]
[WhiteFideId "-1"]
[PlyCount "61"]
[GameId "2190971927302144"]
[EventDate "2025.??.??"]

1. e4 e5 2. Nf3 Nc6 3. Bb5 a6 4. Ba4 Nf6 5. O-O b5 6. Bb3 Bc5 7. c3 d6 8. d3 Bg4 9. h3 Bh5 10. g4 Bg6 11. Be3 Bxe3 12. fxe3 O-O 13. Qe2 Na5 14. Bc2 c5 15. Nbd2 Qe8 16. Nh4 Rd8 17. Kg2 d5 18. g5 Nh5 19. Nxg6 hxg6 20. exd5 Rxd5 21. Rf2 f5 22. b4 c4 23. dxc4 Rxd2 24. Qxd2 Nxc4 25. Bb3 Qc6+ 26. Kh2 Kh7 27. Bxc4 Qxc4 28. Rd1 f4 29. Qd3 Qxd3 30. Rxd3 Ng3 31. exf4 1-0

[Event "Peter Stuart Memorial Open 2025"]
[Site "Takapuna, Auckland, New Zealan"]
[Date "2025.06.20"]
[Round "3.18"]
[White "Liu, Brian"]
[Black "Nazeer, Afique M"]
[Result "1-0"]
[WhiteElo "1725"]
[BlackElo "1610"]
[WhiteFideId "-1"]
[WhiteFideId "-1"]
[PlyCount "59"]
[GameId "2190971927302144"]
[EventDate "2025.??.??"]

1. e4 e5 2. Nf3 Nc6 3. Bb5 a6 4. Ba4 Nf6 5. d3 b5 6. Bb3 h6 7. c3 Be7 8. O-O d6 9. h3 O-O 10. Re1 Na5 11. Bc2 Nh7 12. d4 f5 13. dxe5 fxe4 14. Qd5+ Kh8 15. Qxa8 exf3 16. exd6 Bxd6 17. Nd2 fxg2 18. Bxh7 Qh4 19. Qxg2 Bh2+ 20. Qxh2 Kxh7 21. Qg3 Qh5 22. Kg2 Rf6 23. Kh2 Bxh3 24. Qxh3 Rxf2+ 25. Kg3 Qf7 26. Qg4 h5 27. Qe4+ Rf5 28. Rf1 h4+ 29. Kh3 Qg6 30. Qxf5 1-0

[Event "Peter Stuart Memorial Open 2025"]
[Site "Takapuna, Auckland, New Zealan"]
[Date "2025.06.20"]
[Round "3.19"]
[White "Barry, Jacob"]
[Black "Fabay, Jenre Angelo"]
[Result "0-1"]
[WhiteElo "1606"]
[BlackElo "1697"]
[WhiteFideId "-1"]
[WhiteFideId "-1"]
[PlyCount "95"]
[GameId "2190971927306240"]
[EventDate "2025.??.??"]

1. c4 Nf6 2. e3 e6 3. d4 d5 4. Nc3 a6 5. Nf3 dxc4 6. Bxc4 b5 7. Bd3 Bb7 8. a3 c5 9. dxc5 Bxc5 10. Be2 Qe7 11. b4 Bb6 12. Bb2 Nc6 13. O-O O-O 14. Qc2 Rac8 15. Rac1 Ng4 16. Bd3 h6 17. Qe2 Nce5 18. Nxe5 Nxe5 19. Be4 Nc4 20. Bd3 Qg5 21. Ne4 Bxe4 22. Bxe4 Bxe3 23. Bb7 Bxc1 24. Bxc1 Qe5 25. Qxe5 Nxe5 26. Bxc8 Rxc8 27. Be3 Rc2 28. Rc1 Rxc1+ 29. Bxc1 Nc4 30. Kf1 Kf8 31. Ke2 Ke7 32. Kd3 Kd6 33. a4 Ne5+ 34. Ke4 f5+ 35. Kd4 Nc6+ 36. Kc3 bxa4 37. Ba3 Kd5 38. f3 Nd4 39. Kd3 Nb5 40. Bb2 e5 41. f4 e4+ 42. Ke3 g6 43. h3 Kc4 44. g4 h5 45. gxh5 gxh5 46. Kf2 Kd3 47. Bc1 Nc3 48. Ke1 0-1

[Event "Peter Stuart Memorial Open 2025"]
[Site "Takapuna, Auckland, New Zealan"]
[Date "2025.06.20"]
[Round "3.20"]
[White "Li, Olivia"]
[Black "Hwang, Ryan"]
[Result "0-1"]
[WhiteElo "1781"]
[BlackElo "1685"]
[WhiteFideId "-1"]
[WhiteFideId "-1"]
[PlyCount "112"]
[GameId "2190971927306240"]
[EventDate "2025.??.??"]

1. e4 c5 2. c3 d6 3. d4 cxd4 4. cxd4 Nf6 5. Nc3 a6 6. Nf3 g6 7. Bd3 Bg7 8. h3 Nc6 9. O-O O-O 10. a3 b5 11. b4 Bb7 12. Bb2 Rc8 13. Rc1 e6 14. Re1 Re8 15. Qc2 Qb6 16. Qe2 Nh5 17. Na2 Nxd4 18. Nxd4 Bxd4 19. Bxd4 Qxd4 20. Rcd1 Nf4 21. Qf3 Nxd3 22. Rxd3 Qe5 23. Qe3 d5 24. exd5 Qxe3 25. Rexe3 Bxd5 26. Nc3 Red8 27. Nxd5 Rxd5 28. Rxd5 exd5 29. Rd3 Rd8 30. Kf1 f5 31. Ke2 d4 32. Rf3 Kf7 33. Kd3 Ke6 34. g4 Ke5 35. gxf5 gxf5 36. Rg3 Rc8 37. Kd2 Rc7 38. Rd3 Ke4 39. f3+ Ke5 40. h4 Rc3 41. Rxc3 dxc3+ 42. Kxc3 Kf4 43. Kd2 Kxf3 44. Ke1 h5 45. Kf1 Kg3 46. Ke2 f4 47. Kf1 Kxh4 48. Kf2 Kg4 49. Kg2 h4 50. Kh2 h3 51. Kg1 Kg3 52. Kh1 f3 53. Kg1 f2+ 54. Kf1 Kf3 55. a4 h2 56. a5 h1=Q# 0-1